| 000 | 00668nam a22002537a 4500 | ||
|---|---|---|---|
| 003 | UA-OsUOA | ||
| 001 | 20512 | ||
| 007 | ta | ||
| 008 | 20031031b un ||||| |||| 00| 0 ukr d | ||
| 100 | _aТроян М. В. | ||
| 700 | _aРішко М. В. | ||
| 090 |
_a911.375(477) _bТ76 |
||
| 942 | _cBK | ||
| 040 |
_aUA-OsUOA _brus _cUA-OsUOA _dUA-OsUOA |
||
| 245 |
_aХуст _bПутівник українською і російською мовами |
||
| 300 |
_a96 с. _bІлюстрації |
||
| 955 | _a0 | ||
| 041 | _arus | ||
| 080 | _a911.375(477) | ||
| 260 |
_aУжгород _bКарпати _c1982 |
||
| 044 | _aUA | ||
| 650 | 7 | _2UDC | |
| 999 |
_c306691 _d306691 |
||